| 000 | 01038nam a22002777a 4500 | ||
|---|---|---|---|
| 003 | dpl | ||
| 005 | 20180723124836.0 | ||
| 008 | 180723b xxu||||| |||| 00| 0 eng d | ||
| 010 | _aB-151282 | ||
| 020 |
_c150.00 _a8180180409 |
||
| 035 | _aB-151282, B-151283 | ||
| 037 | _bCen Lib/Ret | ||
| 040 |
_aDPL _bHN _c0 |
||
| 082 |
_aक _bअसफ |
||
| 100 |
_aअसफल, ए. _969882 |
||
| 245 |
_aमनुजी तेने बरन बनाए / _cए.असफल |
||
| 246 |
_aManuji tene baran banae / _bby A.Asafal |
||
| 260 |
_aनई दिल्ली _bनेशनल पब्लिशिंग हाउस _c2004 |
||
| 270 |
_bनई दिल्ली _a23, दरियागंज _e110002 |
||
| 300 |
_a152पृ. _c21सेमी(सजिल्द) |
||
| 650 |
_aहिन्दी साहित्य _969883 |
||
| 650 |
_aहिन्दी -- कहानियाँ _969884 |
||
| 650 |
_aHindi literature _969885 |
||
| 650 |
_aHindi -- Stories _969886 |
||
| 942 |
_2ddc _cHN _hक _mअसफ |
||
| 999 |
_c117064 _d117064 |
||